Who Did That Metal Album? Multiple Choice Quiz - Statistics

General Stats
  • This quiz has been taken 386 times
    385 since last reset
  • The average score is 12 of 20
Answer Stats
Question Answer % Correct
...And Justice For All (1988) Metallica
98%
Cowboys From Hell (1990) Pantera
97%
Powerslave (1984) Iron Maiden
86%
Iowa (2001) Slipknot
81%
Ænima (1996) Tool
80%
Master of Reality (1971) Black Sabbath
77%
The End of Heartache (2004) Killswitch Engage
64%
Meliora (2015) Ghost
61%
The Last in Line (1984) Dio
60%
Sonic Firestorm (2004) DragonForce
60%
No Grave But the Sea (2017) Alestorm
58%
Nymphetamine (2004) Cradle of Filth
50%
Come Clarity (2006) In Flames
47%
As the Palaces Burn (2003) Lamb of God
45%
The Divine Wings of Tragedy (1997) Symphony X
44%
Metal Resistance (2016) Babymetal
40%
The Sinister Urge (2001) Rob Zombie
38%
Crowning of Atlantis (1999) Therion
34%
Start a War (2005) Static-X
28%
Hydra (2014) Within Temptation
27%
No matching quizzes found
Score Distribution
Percent of People with Each Score
Percentile by Number Answered
Your Score History
You have not taken this quiz since the last reset